|
|
|
|
| LEADER |
00000nab a2200000 a 4500 |
| 001 |
vtls000665650 |
| 003 |
SK-MaSNL |
| 005 |
20260304094744.0 |
| 008 |
250425c1997 xo 0 slo |
| 015 |
|
|
|a SNBRB1998/06-17562
|
| 035 |
|
|
|a CLN000017835
|
| 035 |
|
|
|a urn:nbn:sk:snk-ab7i7e
|
| 035 |
|
|
|a (urnnbn)urn:nbn:sk:snk:ar-005trx
|
| 035 |
|
|
|a (uuid)e0885e94-2537-4ba9-8a4d-88caf7dd9961
|
| 040 |
|
|
|a SNKBUCL
|b slo
|c SNKBUCL
|e AACR2
|
| 041 |
0 |
|
|a eng
|
| 044 |
|
|
|a xo
|c SK
|
| 080 |
|
|
|a 546.824-31:541.182.64:541.13/.14
|2 1997
|
| 080 |
|
|
|a 541.182.64
|2 1997
|
| 080 |
|
|
|a 541.13/.14
|2 1997
|
| 245 |
0 |
0 |
|a A Study of photoelectrochemical deposition of organic layers on sol-gel TiO2 surfaces
|c M. Čeppan ... [et al.]
|
| 300 |
|
|
|b Grafy, sch.
|
| 504 |
|
|
|a Res. angl. Bibliogr. odkazy
|
| 650 |
0 |
7 |
|a oxid titaničitý
|2 snkbucl
|9 50667
|
| 655 |
|
7 |
|a články z novín a časopisov
|2 snkbucl
|9 267496
|
| 700 |
1 |
|
|a Čeppan, Michal,
|d 1952-
|4 aut
|9 40000
|
| 700 |
1 |
|
|a Mikula, M.
|4 aut
|9 740737
|
| 700 |
1 |
|
|a Fiala, R.
|4 aut
|9 905163
|
| 700 |
1 |
|
|a Brezová, Vlasta,
|d 1958-
|4 aut
|9 39999
|
| 700 |
1 |
|
|a Panák, J.
|4 aut
|9 1188355
|
| 700 |
1 |
|
|a Blažková, A.
|4 aut
|9 1137512
|
| 773 |
0 |
|
|t Chemical papers. Chemické zvesti
|g Roč. 51, č. 4 (1997), s. 193-197
|x 0366-6352
|
| 850 |
|
|
|a Slovenská národná knižnica
|
| 852 |
|
|
|a Slovenská národná knižnica
|
| 958 |
|
|
|a article7
|
| 958 |
|
|
|a NB
|
| 958 |
|
|
|a OND
|
| 958 |
|
|
|a EUIPO
|
| 992 |
|
|
|a RBX
|
| 999 |
|
|
|c 2828821
|d 2830751
|